Básnik Jiří Žáček: Kristus by bol dnes ateistom

Bibliographic Details
Other Authors: Mravec, Juraj (Interviewer)
Format: Article
Language:Slovak
PhysicalDescription:Fotogr.
ISSN:1335-440X
Subjects:

MARC

LEADER 00000nab a2200000 ar4500
001 vtls008988109
003 SK-MaSNL
005 20260303153428.0
008 070511c20070430xo dr|p|||||||000 b|slo
015 |a SNBRB2007/05  |2 snkbucl 
038 |a SNKBUCL 
040 |a SNKBUCL  |b slo  |c SNKBUCL  |e AACR2 
041 |a slo 
044 |a xo  |c SK 
080 |a 82:929:821.162.3  |2 1997 
080 |a 821.162.3  |2 1997 
100 1 |a Mravec, Juraj  |4 ivr  |9 380025 
245 1 0 |a Básnik Jiří Žáček: Kristus by bol dnes ateistom  |c Juraj Mravec 
300 |b Fotogr. 
600 1 7 |a Žáček, Jiří  |d 1945-  |2 snkbucl  |9 222229 
700 1 |a Žáček, Jiří,  |d 1945-  |4 ive  |9 222229 
773 0 |t Sme. Práca  |g Roč. 15, č. 99 (30.4.2007), s. 21  |x 1335-440X 
852 |a SNK  |b KIS3GCP 
958 |a BC 
958 |a LX 
999 |c 2028394  |d 2030324